| 000 | 00571nam a2200181 i 4500 | ||
|---|---|---|---|
| 001 | 25773 | ||
| 003 | ES-MaACL | ||
| 005 | 20250805063231.0 | ||
| 007 | t| | ||
| 008 | 030102s1866 fr ||||1| fre d | ||
| 100 | 0 |
_aAristóteles _922861 |
|
| 245 | 1 | 0 |
_aTraité du ciel / _cd'Aristóteles ; traduit en français par J. Barthelemy Saint Hilaire. |
| 260 |
_aParís : _bA. Durand, etc., _c1866 ( _fJules Carro) |
||
| 300 |
_aCXVI, 373 p. ; _c24 cm. |
||
| 700 | 0 |
_aBarthelemy Saint-Hilaire, Jules. _926123 |
|
| 852 |
_aES-MaACL _jF-8727 |
||
| 999 |
_c25773 _d25773 |
||